000 00362nam a2200145Ia 4500
008 231217s9999 xx 000 0 und d
041 _aEnglish
082 _a001.6424UNI HUS
100 _aHussain Syed Hyder
245 0 _aIntroduction to unix for MCA IIsemester
260 _bSubhas Stores
300 _a279
650 _aunix,mca,11semester
942 _cAA
999 _c169673
_d169673